Sources of industrial leadership : (Record no. 5546)

MARC details
000 -LEADER
fixed length control field 01259nac a22002771u 4500
010 ## - LIBRARY OF CONGRESS CONTROL NUMBER
LC control number 98044552
020 ## - INTERNATIONAL STANDARD BOOK NUMBER
International Standard Book Number 052164254X
020 ## - INTERNATIONAL STANDARD BOOK NUMBER
International Standard Book Number 0521645204 (pbk.)
082 00 - DEWEY DECIMAL CLASSIFICATION NUMBER
Classification number 658.514
Item number MOW
090 ## - LOCALLY ASSIGNED LC-TYPE CALL NUMBER (OCLC); LOCAL CALL NUMBER (OCLC)
-- 5546
-- 5546
100 ## - MAIN ENTRY--PERSONAL NAME
Personal name Mowery, David C.[ed.]
245 00 - TITLE STATEMENT
Title Sources of industrial leadership :
Remainder of title studies of seven industries /
Statement of responsibility, etc edited by David C. Mowery, Richard R. Nelson.
260 ## - PUBLICATION, DISTRIBUTION, ETC. (IMPRINT)
Place of publication, distribution, etc Cambridge, UK ;
-- New York :
Name of publisher, distributor, etc Cambridge University Press,
Date of publication, distribution, etc 1999.
300 ## - PHYSICAL DESCRIPTION
Extent viii, 401 p. :
Other physical details ill. ;
Dimensions 24 cm.
500 ## - GENERAL NOTE
General note Nine original essays arising from a project supported by the Center for Economic Policy Research at Stanford University ... [et al.].
500 ## - GENERAL NOTE
General note Distributer : Al-Ahram.
504 ## - BIBLIOGRAPHY, ETC. NOTE
Bibliography, etc Includes bibliographical references and index.
511 ## - PARTICIPANT OR PERFORMER NOTE
Participant or performer note Catalogued By : Mahitab.
650 #0 - SUBJECT ADDED ENTRY--TOPICAL TERM
Topical term or geographic name as entry element Technological innovations
General subdivision Management.
650 #0 - SUBJECT ADDED ENTRY--TOPICAL TERM
Topical term or geographic name as entry element Industries
General subdivision Technolgical innovations
-- Case studies.
650 #0 - SUBJECT ADDED ENTRY--TOPICAL TERM
Topical term or geographic name as entry element Comparative advantage (International trade)
700 1# - ADDED ENTRY--PERSONAL NAME
Personal name Nelson, Richard R.
856 42 - ELECTRONIC LOCATION AND ACCESS
Materials specified Publisher description
Uniform Resource Identifier <a href="http://www.loc.gov/catdir/description/cam029/98044552.html">http://www.loc.gov/catdir/description/cam029/98044552.html</a>
856 42 - ELECTRONIC LOCATION AND ACCESS
Materials specified Table of contents
Uniform Resource Identifier <a href="http://www.loc.gov/catdir/toc/cam025/98044552.html">http://www.loc.gov/catdir/toc/cam025/98044552.html</a>
942 ## - ADDED ENTRY ELEMENTS (KOHA)
Item type Book - Borrowing
Call number prefix 658.514MOW
Holdings
Withdrawn status Item status Damaged status Not for loan Home library Current library Shelving location Date acquired Source of acquisition Total Checkouts Full call number Barcode Date last seen Koha item type
        Central Library Central Library First floor 30/10/2007 Purchase   658.514MOW 000007011 15/07/2025 Book - Borrowing